| 000 | 02415 ab a2200457 4500 | ||
|---|---|---|---|
| 003 | AR-RoUNA | ||
| 008 | 140529||||||||||||||||| |||| 0|||| d | ||
| 040 |
_aAR-RoUNA _bspa |
||
| 041 |
_aspa _aeng |
||
| 080 | _a72.036 | ||
| 100 | 1 |
_aPlanelles Herrero, Mercedes _4drt _95379 |
|
| 245 |
_aVia arquitectura _bUsos Públicos. _n98 |
||
| 260 |
_aEspaña _bEditorial Team _c2003 |
||
| 300 |
_a130 p. : _bplanos _bplantas _bdib. _bláms. _c30x25 cm |
||
| 505 | 0 | _tESCRITOS | |
| 505 | 0 | _aGeorges Teyssot/ Espacio público y la ilusión del Agora. p. 10 | |
| 505 | 0 | _aFernando Espuelas / Híbridos. p.20 | |
| 505 | 0 | _aLuis Martínez Planelles/ Comentarios al espacio universitario. p. 34 | |
| 505 | 0 | _aRafael Tamart Pitarch/ Paraísos comerciales. p. 44 | |
| 505 | 0 | _tPROYECTOS Y OBRAS | |
| 505 | 0 | _aVicente Dualde Viñeta / Urbanización del paseo de la Alameda de Moretta. p. 56 | |
| 505 | 0 | _aUrbanización de las plazas de Colón y de los Estudios de Morella. p. 62 | |
| 505 | 0 | _aJosep Martorell / Orial Bohigas / David Mackay / Paseo marítimo de Benidorm. p. 66 | |
| 505 | 0 | _aLuis Alonso de Armiño / Vicente M. Vidal / Lonja de Denia. p. 72 | |
| 505 | 0 | _aGabriel Gallegos Borges/ Juan Carlos Sanz Blanco / Centro Cívico en el barrio de Parquesol, Valladolid. p. 80 | |
| 505 | 0 | _aConcurso Museo Valenciano de la Ilustración. p. 86 | |
| 505 | 0 | _aGuillermo Vázquez Consuegra / Pedro Diaz Gil Iñigo Casero Portugal/ Lola Reyes Sánchez. /Cambell. p. 90 | |
| 505 | 0 | _aRubén Picado Fernández / Enrique Delgado Camara María José de Blas Gutierrez de la Vega / Umbráculo. p. 96 | |
| 505 | 0 | _aAlberto Sanchis Peres / Paula Gonzalez Barranca J. M. Ribera Mico/ Ana Peris Raurell / Alberto Escardino / Dagobert. p. 100 | |
| 505 | 0 | _aThomas Lesser / La arquitectura de la navegación. p. 106 | |
| 505 | 0 | _aPau Sola Morales / Utopia y ciberespacio, cultura y tecnología en la era de la información. p. 114 | |
| 505 | 0 | _aLuis Alonso de Armiño / La Valencia y marítima del 2000 .p. 122 | |
| 505 | 0 | _aJavier Sanchez Merina / Manual del parque temático (Fe de erratas). p. 126 | |
| 505 | 0 | _aPublicidad. p. 130 | |
| 650 |
_aArquitectura Contemporanea _9431 |
||
| 773 | 0 |
_aVia Arquitectura _dBarcelona, Gilli 1997 _gNº 89 (mar-abr-may), 130 p. _x11377402 |
|
| 930 |
_c56 _e5735 |
||
| 942 |
_2udc _cART |
||
| 945 | _d2022-08-31 | ||
| 980 |
_gMaricel Allasia _61 _aMaricel Allasia _81 |
||
| 999 |
_c12428 _d12428 |
||